Pliego de condiciones para el suministro de traviesas de roble / Compañía de los ferrocarriles de Tarragona a Barcelona y Francia
Descripción Física:
8 p. ; 22 cm
MARC
| LEADER | 00000nam a2200000Ia 4500 | ||
|---|---|---|---|
| 001 | 18491 | ||
| 008 | 160829s1889 xx 000 0 cat d | ||
| 080 | |a RF-3-14 | ||
| 245 | |a Pliego de condiciones para el suministro de traviesas de roble / Compañía de los ferrocarriles de Tarragona a Barcelona y Francia | ||
| 260 | |a Barcelona : |b Imprenta Barcelonesa, |c 1889 | ||
| 300 | |a 8 p. ; |c 22 cm | ||
| 590 | |a A la portada: Servicio de la construcción | ||
| 650 | |a Material ferroviari |9 40031 | ||
| 650 | |a Ferrocarrils |x Vies |9 40040 | ||
| 856 | 4 | |u https://media.diba.cat/diba/fitxers/arxiu/fulletons/bib_18491_1889_baixa.pdf |y Accés lliure | |
| 856 | 4 | |u https://media.diba.cat/diba/fitxers/arxiu/fulletons/bib_18491_1889_baixa.pdf |y Accés lliure | |
| 901 | |a Arxiu | ||
| 942 | |n 1 |2 udc | ||
| 952 | |0 0 |1 0 |4 0 |6 RF314 |7 1 |9 49375 |a Arxiu |b Arxiu |d 2016-12-01 |l 0 |o RF-3-14 |p 18491 |r 2016-12-01 00:00:00 |w 2016-12-01 |y ARXIU | ||
| 999 | |c 53217 |d 53217 | ||
| 900 | |a bib_18491_1889_baixa.pdf | ||